| 000 | 00530nam a22001697a 4500 | ||
|---|---|---|---|
| 005 | 20260402124026.0 | ||
| 008 | 260223b |||||||| |||| 00| 0 eng d | ||
| 020 | _a978-0-12-369389-1 | ||
| 100 | _aLIGHTSTONE, SAM | ||
| 245 |
_aPHYSICAL DATABASE DESIGN _bTHE DATABASE PROFESSIONAL'S GUIDE TO EXPLOITING INDEXES, VIEWS, STORAGE AND MORE |
||
| 260 |
_aAMSTERDAM _bELSEVIER _c2007 |
||
| 300 | _aXX,427P. | ||
| 500 | _aINCLUDES BIBLIOGRAPHICAL INDEX | ||
| 650 | _a1. DATABASE DESIGN | ||
| 700 | _aTEOREY, TOBY | ||
| 942 |
_2lcc _cBK |
||
| 999 |
_c216596 _d216596 |
||